书目信息 |
| 题名: |
图解十月怀胎
|
|
| 作者: | 李雪明 编著 | |
| 分册: | ||
| 出版信息: | 天津 天津科学技术出版社 2010.03 |
|
| 页数: | 253页 | |
| 开本: | 24cm | |
| 丛书名: | ||
| 单 册: | ||
| 中图分类: | R715.3 , R174 | |
| 科图分类: | ||
| 主题词: | 妇幼保健--保健--基本知识 , 围产期--保健--基本知识 | |
| 电子资源: | ||
| ISBN: | 978-7-5308-5501-0 | |
| 000 | 00957nam0 2200265 450 | |
| 001 | 004538153 | |
| 005 | 20100806145653.46 | |
| 010 | @a978-7-5308-5501-0@dCNY25.80 | |
| 090 | @aR715@blxm | |
| 100 | @a20100515d2010 em y0chiy50 ea | |
| 101 | 0 | @achi |
| 102 | @aCN@b120000 | |
| 105 | @aa z 000yy | |
| 200 | 1 | @a图解十月怀胎@Atu jie shi yue huai tai@e来自医学专家和编创团队的贴心关怀@f李雪明编著@Fli xue ming bian zhu |
| 210 | @a天津@c天津科学技术出版社@d2010.03 | |
| 215 | @a253页@c图@d24cm | |
| 330 | @a本书科学、全面、系统地提出了怀孕、安产、育儿保健方案,旨在帮助初为人母的女性既学会科学育儿,又健康护理自己。 | |
| 517 | 1 | @a来自医学专家和编创团队的贴心关怀@Alai zi yi xue zhuan jia he bian chuang tuan dui de tie xin guan huai |
| 606 | 0 | @a妇幼保健@x保健@x基本知识 |
| 606 | 0 | @a围产期@x保健@x基本知识 |
| 690 | @aR715.3@v4 | |
| 690 | @aR174@v4 | |
| 701 | 0 | @a李雪明@Ali xue ming@4编著 |
| 801 | @c20100515 | |
| 905 | @dR715.3@eL304-2@f5 | |
| 图解十月怀胎:来自医学专家和编创团队的贴心关怀/李雪明编著.-天津:天津科学技术出版社,2010.03 |
| 253页:图;24cm |
| ISBN 978-7-5308-5501-0:CNY25.80 |
| 本书科学、全面、系统地提出了怀孕、安产、育儿保健方案,旨在帮助初为人母的女性既学会科学育儿,又健康护理自己。 |
| ● |
| 相关链接 |
|
|
|
正题名:图解十月怀胎
索取号:R715.3/L304-2
 
预约/预借
| 序号 | 登录号 | 条形码 | 馆藏地/架位号 | 状态 | 备注 |
| 1 | 998023 | 209980234 | 自科库401/401自科库 20排2列3层/ [索取号:R715.3/L304-2] | 在馆 | |
| 2 | 998024 | 209980243 | 自科库401/401自科库 20排2列3层/ [索取号:R715.3/L304-2] | 在馆 | |
| 3 | 998025 | 209980252 | 自科二线504/504自科库 39排2列2层/ [索取号:R715.3/L304-2] | 在馆 | |
| 4 | 998026 | 209980261 | 自科库401/401自科库 20排2列3层/ [索取号:R715.3/L304-2] | 在馆 | |
| 5 | 998027 | 209980270 | 自科二线504/504自科库 39排2列2层/ [索取号:R715.3/L304-2] | 在馆 |